| 000 | 00564nam a22002177a 4500 | ||
|---|---|---|---|
| 003 | OSt | ||
| 005 | 20140310182924.0 | ||
| 008 | 130129t xxu||||| |||| 00| 0 eng d | ||
| 020 | _a9789712356858 | ||
| 050 |
_aK123 _b.M112 2010 |
||
| 082 |
_aFIL 174 _bM11 2009 |
||
| 245 |
_aEthics and human dignity _cMaboloc, Christopher Ryan B. |
||
| 260 |
_aManila : _bRex Book Store, _c2010 |
||
| 300 |
_axviii, 135 p. ; _c 22 cm. |
||
| 521 | _aCollege | ||
| 526 | _c1210L-1700L | ||
| 541 | _j1 | ||
| 541 | _j2 | ||
| 562 | _e2 | ||
| 942 |
_2lcc _cBK _kFIL |
||
| 999 |
_c17385 _d17385 |
||